| 000 | 01365nam0a22003251 4500 | ||
|---|---|---|---|
| 001 | v19\rc\1504172 | ||
| 005 | 20260406153927.0 | ||
| 035 | _a(NLR Aleph) 005232897 | ||
| 090 |
_a5624149 _c5624149 |
||
| 100 | _a20060620d1893 |||y0rusy50 ca | ||
| 101 | 1 |
_arus _cger |
|
| 102 | _aRU | ||
| 105 | _ay z ||||| | ||
| 200 | 1 |
_aПессимизм в XIX веке _eЛеопарди - Шопенгауэр - Гартман _fСоч. Е. Каро, чл. Фр. акад. _g[Пер. П.В. Макиевского] |
|
| 205 | _a2-е изд., испр. | ||
| 210 |
_aМосква _cП.К. Прянишников и В.Н. Маракуев _d1893 |
||
| 215 |
_aVIII, 313 с. _d17 |
||
| 532 | 1 | 1 | _aПессимизм в девятнадцатом веке |
| 700 | 1 |
_aКаро _bЭ. М. _f1826-1887 _gЭльм Мари |
|
| 702 | 1 |
_aМакиевский _bП. В. _4730 |
|
| 702 | 1 |
_aГартман _bЭ. _f1842-1896 _gЭдуард _4570 |
|
| 702 | 1 |
_4570 _8rus _7ca _aЛеопарди _bДж. _f1798-1837 _gДжакомо _3RU\NLR\AUTH\7750711 _933645 |
|
| 702 | 1 |
_4570 _8rus _7ca _aШопенгауэр _bА. _f1788-1860 _gАртур _3RU\NLR\AUTH\776640 _9116589 |
|
| 801 | 2 |
_aRU _bNLR _c20070521 _2rusmarc |
|
| 801 | 0 |
_aRU _bNLR _c20060620 _gpsbo |
|
| 801 | 0 |
_aRU _bRuMoRGB _c20060620 _2psbo |
|
| 801 | 1 |
_aRU _bProSoft-M _c20060620 _2rusmarc |
|
| 852 |
_aNLR _j18.210.4.23 |
||
| 942 | _cBOOK | ||
| 980 | _aNB | ||